| 000 | 00387nam a22001577a 4500 | ||
|---|---|---|---|
| 003 | OSt | ||
| 008 | 250405b |||||||| |||| 00| 0 eng d | ||
| 020 | _a9780470659434 | ||
| 082 |
_a624.15136 _bBOD/IN |
||
| 100 |
_aBodo, Bela _9476 |
||
| 100 |
_aJones,Colin _9477 |
||
| 245 | _aIntroduction to soil mechanics / | ||
| 260 |
_aOxford _bWiley Blackwell _c2013 |
||
| 300 | _b586 | ||
| 942 | _cBK | ||
| 999 |
_c14336 _d14336 |
||